000 00609nam a2200193Ia 4500
003 GCL
008 140319s9999 xx 000 0 ara d
040 _aGCL /
_cGCL
082 0 4 _a792
_bم م
100 1 _aمحمد تيمور
245 1 0 _aمؤلفات محمد تيمور /
_cمحمد تيمور
260 _aالقاهرة :
_bالهيئة المصرية العامة للكتاب ،
_c1973
300 _a407 ص ؛
_c24 سم
650 0 4 _aالمسرح
650 0 4 _aالمسرح العربى
650 0 4 _aالمسرحيات - تاريخ ونقد
650 0 4 _aالمسرح - نقد
942 _2ddc
_cBK
999 _c938
_d938